00332nam a2200121Ia 4500008004100000020001500041100002500056245004200081260001900123500002400142650002800166700001600194230524s9999 xx 000 0 und d a1904910300 aJane Sherrod Singer 0aEvaluate Yourself: Self ? Improvement bNew Dwan Press aQuantity Number: 1 aPersonality Development a Roz Ashley